000 00300 a2200145 4500
001 178490
020 _a
040 _cMagnum
100 _aGenofre, Gloria
240 1 0 _aA esponja do mar
_lpor
245 1 0 _aA esponja do mar
362 0 _a1899
697 _aMAGNITO: I/PARADIDATICO
942 _cBK
999 _c178490
_d178490